| 000 -CABECERA |
| fixed length control field |
02391nam a22002297a 4500 |
| 003 - IDENTIFICADOR DEL NÚMERO DE CONTROL |
| control field |
AR-CdUCM |
| 008 - DATOS DE LONGITUD FIJA--INFORMACIÓN GENERAL |
| fixed length control field |
190318b ||||| |||| 00| 0 spa d |
| 040 ## - FUENTE DE LA CATALOGACIÓN |
| Agencia/entidad que catalogó originalmente la obra |
MUNICIPALIDAD PROVINCIAL DEL CUSCO |
| Entidad que transcribió la catalogación |
BIBLIOTECA MUNICIPAL DEL CUSCO |
| 082 ## - NÚMERO DE LA CLASIFICACIÓN DECIMAL DEWEY |
| No. de Clasificación |
086.909 / |
| Notacion interna |
M84 |
| 110 ## - ENTRADA PRINCIPAL--NOMBRE DE ENTIDAD CORPORATIVA |
| Nombre de la institución, jurisdicción como entrada principal |
Ramón Sopena |
| 9 (RLIN) |
44048 |
| 245 ## - MENCIÓN DE TÍTULO |
| Título |
Monografías históricas / |
| 260 ## - PUBLICACIÓN, DISTRIBUCIÓN, ETC. |
| Lugar de publicación, distribución, etc. |
Barcelona : |
| Nombre de la editorial, distribuidor, etc. |
Ramón Sopena, |
| Fecha de publicación, distribución, etc. |
1993 - 1997. |
| 300 ## - DESCRIPCIÓN FÍSICA |
| Nº de Páginas Extensión |
5 volumnes ; 9 tomos ; |
| Otros detalles físicos |
Ilustraciones, |
| Dimensiones |
25 cm. |
| 505 ## - NOTA DE CONTENIDO CON FORMATO |
| Nota de contenido formateada |
Contenido: v.1.- t.1: La revolución francesa: la filosofía y la revolución -- El gobierno de Francia -- La hacienda -- Luis XVI -- Las elecciones para los estados generales -- t.2: La revolución francesa: La revolución Francesa -- La guerra general -- La guerra marítima -- El directorio -- v.2.- t.1: Napoleón: El consulado, 1799 - 1804 -- La neutralidad armada, 1780 - 1801 -- La pacificación de Europa, 1799 -1802 -- Francia y sus tributarios, 1801-1803 -- Francia bajo el imperio, 1804-1814 -- t.2: Napoleón: Los estados dependientes de Francia y suiza, 1800-14 -- La guerra de la independencia en la península Ibérica, 1808-1814 -- Rusia durante el reinado de Alejandro I y la invasión de 1812 -- La guerra de libración, 1813-4 -- v.3.- t.1:La guerra de los treinta años: Comienzo de la guerra de los 30 años -- La Valtelina -- La ruina del protestantismo (1620-30) -- Richelieu -- Los vasa en Suecia y Polonia -- Gustavo Adolfo -- t.2: La guerra de los treinta años: La republica y el protectorado -- La marina de la republica y la primera guerra Holandesa -- Escosia desde el advenimiento de Carlos I hasta la retauración -- Irlanda desde la colonizacion de Ulster hasta el estatuto de Cromwell -- La anarquia y la restauración -- v.4: La Reforma: La Roma de los medicis -- Los habsburgos y Valois -- Lutero -- Oposición nacional a Roma en Alemania -- t.2 -- La reforma -- Calvino y la iglesia reformada -- La reforma en los países católicos del sur de Europa -- Enrique VIII -- v.5: t.1: Las guerras religiosas en francia -- el humanismo frances y mantaigne -- la reaccion catolica y las elecciones -- apogeo del poderio otomano -- el imperio en los reinados de fernando |
| 650 ## - PUNTO DE ACCESO ADICIONAL DE MATERIA--TÉRMINO DE MATERIA |
| Descriptor |
Historia moderna |
| 9 (RLIN) |
12930 |
| 650 ## - PUNTO DE ACCESO ADICIONAL DE MATERIA--TÉRMINO DE MATERIA |
| Descriptor |
Francia |
| 9 (RLIN) |
1444 |
| 650 ## - PUNTO DE ACCESO ADICIONAL DE MATERIA--TÉRMINO DE MATERIA |
| Descriptor |
Filosofia |
| 9 (RLIN) |
395 |
| 650 ## - PUNTO DE ACCESO ADICIONAL DE MATERIA--TÉRMINO DE MATERIA |
| Descriptor |
Revolución |
| 9 (RLIN) |
44049 |
| 710 ## - PUNTO DE ACCESO ADICIONAL--NOMBRE DE ENTIDAD CORPORATIVA |
| Nombre corporativo (En letras Mayúsculas) |
Cambridge University |
| 9 (RLIN) |
18513 |
| 942 ## - ELEMENTOS DE PUNTO DE ACCESO ADICIONAL (KOHA) |
| Fuente de clasificación |
|
| Tipo de item |
Libros-BMC |
| 945 ## - PROCESAMIENTO DE INFORMACIÓN LOCAL (OCLC) |
| Catalogador |
acv |